Statistics for 1973-74 NCAA Men's Basketball AP Poll

Click here to take the quiz!

General Stats

  • This quiz has been taken 26 times
    (17 since last reset)
  • The average score is 230 of 360

Answer Stats

WeekRankTeamWLConference% Correct
Week 8 (1/21)11Indiana113Big Ten
100%
Week 12 (2/18)10Indiana163Big Ten
100%
Week 5 (12/31)8Indiana72Big Ten
100%
Week 1 (12/3)3Indiana10Big Ten
100%
Week 13 (2/25)9Indiana183Big Ten
100%
Week 9 (1/28)12Indiana123Big Ten
100%
Week 4 (12/24)7Indiana51Big Ten
100%
Week 14 (3/4)13Indiana194Big Ten
100%
Week 11 (2/11)12Indiana143Big Ten
100%
Week 7 (1/14)12Indiana93Big Ten
100%
Week 15 (3/11)10Indiana204Big Ten
100%
Week 2 (12/10)3Indiana30Big Ten
100%
Week 10 (2/4)12Indiana133Big Ten
100%
Week 16 (3/18)11Indiana215Big Ten
100%
Week 3 (12/17)7Indiana41Big Ten
100%
Week 6 (1/7)13Indiana73Big Ten
100%
Postseason9Indiana235Big Ten
100%
Preseason3Indiana00Big Ten
100%
Week 11 (2/11)2NC State171ACC
100%
Week 9 (1/28)2NC State131ACC
100%
Week 2 (12/10)2NC State20ACC
100%
Week 10 (2/4)2NC State151ACC
100%
Week 12 (2/18)1NC State201ACC
100%
Preseason2NC State00ACC
100%
Week 6 (1/7)4NC State71ACC
100%
Week 14 (3/4)1NC State241ACC
100%
Week 13 (2/25)1NC State221ACC
100%
Week 8 (1/21)3NC State111ACC
100%
Week 1 (12/3)2NC State00ACC
100%
Week 15 (3/11)1NC State261ACC
100%
Week 3 (12/17)5NC State21ACC
100%
Week 16 (3/18)1NC State281ACC
100%
Week 4 (12/24)5NC State31ACC
100%
Week 7 (1/14)3NC State91ACC
100%
Postseason1NC State301ACC
100%
Week 5 (12/31)5NC State61ACC
100%
Week 2 (12/10)6Notre Dame40Independent
100%
Week 8 (1/21)1Notre Dame100Independent
100%
Week 7 (1/14)2Notre Dame80Independent
100%
Week 4 (12/24)3Notre Dame60Independent
100%
Week 9 (1/28)3Notre Dame121Independent
100%
Week 10 (2/4)3Notre Dame151Independent
100%
Week 5 (12/31)2Notre Dame70Independent
100%
Week 11 (2/11)3Notre Dame181Independent
100%
Week 12 (2/18)2Notre Dame201Independent
100%
Week 6 (1/7)2Notre Dame70Independent
100%
Week 1 (12/3)8Notre Dame10Independent
100%
Week 13 (2/25)2Notre Dame221Independent
100%
Week 3 (12/17)3Notre Dame50Independent
100%
Week 14 (3/4)2Notre Dame241Independent
100%
Week 15 (3/11)3Notre Dame252Independent
100%
Week 16 (3/18)5Notre Dame263Independent
100%
Preseason8Notre Dame00Independent
100%
Postseason5Notre Dame263Independent
100%
Week 6 (1/7)1UCLA90Pacific-8
100%
Week 5 (12/31)1UCLA80Pacific-8
100%
Preseason1UCLA00Pacific-8
100%
Week 7 (1/14)1UCLA110Pacific-8
100%
Week 8 (1/21)2UCLA131Pacific-8
100%
Week 10 (2/4)1UCLA161Pacific-8
100%
Week 4 (12/24)1UCLA60Pacific-8
100%
Week 12 (2/18)3UCLA183Pacific-8
100%
Week 13 (2/25)3UCLA203Pacific-8
100%
Week 14 (3/4)3UCLA223Pacific-8
100%
Week 15 (3/11)2UCLA233Pacific-8
100%
Week 16 (3/18)2UCLA253Pacific-8
100%
Postseason2UCLA264Pacific-8
100%
Week 11 (2/11)1UCLA181Pacific-8
100%
Week 9 (1/28)1UCLA151Pacific-8
100%
Week 3 (12/17)1UCLA40Pacific-8
100%
Week 1 (12/3)1UCLA20Pacific-8
100%
Week 2 (12/10)1UCLA30Pacific-8
100%
Week 7 (1/14)14Michigan102Big Ten
90%
Postseason6Michigan225Big Ten
90%
Week 12 (2/18)19Michigan164Big Ten
90%
Week 15 (3/11)12Michigan204Big Ten
90%
Week 11 (2/11)15Michigan153Big Ten
90%
Week 13 (2/25)17Michigan174Big Ten
90%
Week 16 (3/18)7Michigan225Big Ten
90%
Week 10 (2/4)16Michigan143Big Ten
90%
Week 14 (3/4)16Michigan194Big Ten
90%
Week 6 (1/7)18Michigan92Big Ten
90%
Week 8 (1/21)15Michigan112Big Ten
90%
Week 9 (1/28)20Michigan123Big Ten
90%
Week 16 (3/18)19Purdue189Big Ten
90%
Postseason11Purdue219Big Ten
90%
Week 7 (1/14)13USC122Pacific-8
90%
Postseason17USC245Pacific-8
90%
Week 6 (1/7)17USC92Pacific-8
90%
Week 5 (12/31)11USC91Pacific-8
90%
Week 15 (3/11)15USC224Pacific-8
90%
Week 9 (1/28)11USC142Pacific-8
90%
Week 2 (12/10)20USC21Pacific-8
90%
Week 8 (1/21)12USC122Pacific-8
90%
Week 3 (12/17)16USC41Pacific-8
90%
Week 4 (12/24)14USC61Pacific-8
90%
Week 14 (3/4)7USC223Pacific-8
90%
Week 16 (3/18)14USC234Pacific-8
90%
Week 13 (2/25)10USC203Pacific-8
90%
Week 10 (2/4)14USC143Pacific-8
90%
Week 11 (2/11)13USC163Pacific-8
90%
Week 12 (2/18)12USC183Pacific-8
90%
Week 5 (12/31)17Wisconsin71Big Ten
90%
Week 6 (1/7)14Wisconsin81Big Ten
90%
Week 8 (1/21)17Wisconsin102Big Ten
90%
Week 7 (1/14)19Wisconsin92Big Ten
90%
Week 9 (1/28)16Wisconsin112Big Ten
90%
Week 5 (12/31)15Arizona82WAC
80%
Week 11 (2/11)20Arizona165WAC
80%
Week 1 (12/3)15Arizona11WAC
80%
Week 3 (12/17)14Arizona51WAC
80%
Week 13 (2/25)18Arizona196WAC
80%
Week 4 (12/24)12Arizona51WAC
80%
Preseason15Arizona00WAC
80%
Week 2 (12/10)14Arizona31WAC
80%
Week 8 (1/21)20Arizona State114WAC
80%
Week 11 (2/11)16Kansas154Big Eight
80%
Week 14 (3/4)15Kansas195Big Eight
80%
Week 15 (3/11)14Kansas215Big Eight
80%
Preseason13Kansas00Big Eight
80%
Week 16 (3/18)6Kansas235Big Eight
80%
Week 10 (2/4)17Kansas134Big Eight
80%
Week 12 (2/18)16Kansas165Big Eight
80%
Week 13 (2/25)15Kansas175Big Eight
80%
Postseason7Kansas237Big Eight
80%
Week 9 (1/28)18Kansas123Big Eight
80%
Week 1 (12/3)10Kentucky10SEC
80%
Preseason10Kentucky00SEC
80%
Week 2 (12/10)4Maryland11ACC
80%
Week 7 (1/14)4Maryland82ACC
80%
Week 12 (2/18)5Maryland174ACC
80%
Week 14 (3/4)4Maryland214ACC
80%
Week 1 (12/3)4Maryland01ACC
80%
Week 10 (2/4)7Maryland134ACC
80%
Preseason4Maryland00ACC
80%
Week 4 (12/24)2Maryland41ACC
80%
Week 8 (1/21)5Maryland102ACC
80%
Postseason4Maryland235ACC
80%
Week 3 (12/17)2Maryland21ACC
80%
Week 5 (12/31)3Maryland51ACC
80%
Week 16 (3/18)4Maryland235ACC
80%
Week 15 (3/11)4Maryland235ACC
80%
Week 9 (1/28)6Maryland113ACC
80%
Week 11 (2/11)6Maryland154ACC
80%
Week 6 (1/7)3Maryland71ACC
80%
Week 13 (2/25)5Maryland194ACC
80%
Week 8 (1/21)4North Carolina121ACC
80%
Week 12 (2/18)6North Carolina183ACC
80%
Week 1 (12/3)5North Carolina10ACC
80%
Week 10 (2/4)4North Carolina152ACC
80%
Week 13 (2/25)4North Carolina203ACC
80%
Week 5 (12/31)4North Carolina70ACC
80%
Postseason12North Carolina226ACC
80%
Week 4 (12/24)4North Carolina60ACC
80%
Preseason5North Carolina00ACC
80%
Week 3 (12/17)4North Carolina50ACC
80%
Week 16 (3/18)10North Carolina226ACC
80%
Week 11 (2/11)4North Carolina172ACC
80%
Week 7 (1/14)5North Carolina91ACC
80%
Week 15 (3/11)8North Carolina225ACC
80%
Week 9 (1/28)4North Carolina142ACC
80%
Week 6 (1/7)5North Carolina71ACC
80%
Week 14 (3/4)6North Carolina214ACC
80%
Week 2 (12/10)5North Carolina20ACC
80%
Week 10 (2/4)8Alabama152SEC
70%
Week 11 (2/11)8Alabama163SEC
70%
Week 9 (1/28)8Alabama132SEC
70%
Week 3 (12/17)10Alabama30SEC
70%
Week 8 (1/21)9Alabama102SEC
70%
Week 15 (3/11)11Alabama224SEC
70%
Week 12 (2/18)8Alabama183SEC
70%
Postseason14Alabama224SEC
70%
Week 16 (3/18)13Alabama224SEC
70%
Week 4 (12/24)13Alabama41SEC
70%
Week 7 (1/14)10Alabama92SEC
70%
Week 13 (2/25)7Alabama203SEC
70%
Week 2 (12/10)13Alabama20SEC
70%
Week 1 (12/3)18Alabama10SEC
70%
Preseason18Alabama00SEC
70%
Week 5 (12/31)7Alabama61SEC
70%
Week 6 (1/7)12Alabama62SEC
70%
Week 14 (3/4)12Alabama214SEC
70%
Week 1 (12/3)16Penn10Ivy League
70%
Preseason16Penn00Ivy League
70%
Week 2 (12/10)11Penn30Ivy League
70%
Week 4 (12/24)15Syracuse50Independent
70%
Week 5 (12/31)19Syracuse71Independent
70%
Week 2 (12/10)18Syracuse30Independent
70%
Week 3 (12/17)18Syracuse40Independent
70%
Week 3 (12/17)13Kansas State51Big Eight
60%
Week 1 (12/3)13Kansas State10Big Eight
60%
Week 12 (2/18)18Kansas State175Big Eight
60%
Week 2 (12/10)15Kansas State31Big Eight
60%
Week 4 (12/24)18Kansas State52Big Eight
60%
Week 11 (2/11)18Louisville144Missouri Valley
60%
Week 1 (12/3)9Louisville01Missouri Valley
60%
Preseason9Louisville00Missouri Valley
60%
Week 12 (2/18)20Louisville155Missouri Valley
60%
Week 15 (3/11)16Louisville215Missouri Valley
60%
Week 14 (3/4)18Louisville195Missouri Valley
60%
Week 13 (2/25)20Louisville175Missouri Valley
60%
Week 10 (2/4)15Louisville143Missouri Valley
60%
Week 6 (1/7)11Louisville82Missouri Valley
60%
Week 4 (12/24)8Louisville61Missouri Valley
60%
Week 2 (12/10)9Louisville31Missouri Valley
60%
Week 3 (12/17)8Louisville41Missouri Valley
60%
Week 8 (1/21)14Louisville103Missouri Valley
60%
Week 5 (12/31)13Louisville72Missouri Valley
60%
Week 9 (1/28)15Louisville113Missouri Valley
60%
Week 7 (1/14)16Louisville93Missouri Valley
60%
Week 8 (1/21)16Pittsburgh131Independent
60%
Week 9 (1/28)13Pittsburgh141Independent
60%
Week 16 (3/18)15Pittsburgh254Independent
60%
Week 7 (1/14)17Pittsburgh121Independent
60%
Postseason16Pittsburgh254Independent
60%
Week 12 (2/18)7Pittsburgh211Independent
60%
Week 10 (2/4)10Pittsburgh171Independent
60%
Week 15 (3/11)13Pittsburgh243Independent
60%
Week 13 (2/25)11Pittsburgh222Independent
60%
Week 14 (3/4)14Pittsburgh233Independent
60%
Week 11 (2/11)7Pittsburgh191Independent
60%
Week 1 (12/3)14Houston01Independent
50%
Preseason14Houston00Independent
50%
Preseason11San Francisco00West Coast
50%
Week 1 (12/3)11San Francisco11West Coast
50%
Week 2 (12/10)17San Francisco12West Coast
50%
Week 11 (2/11)19Utah165WAC
50%
Postseason15Utah228WAC
50%
Week 12 (2/18)17Utah175WAC
50%
Week 8 (1/21)7Vanderbilt121SEC
50%
Week 15 (3/11)6Vanderbilt233SEC
50%
Week 13 (2/25)6Vanderbilt212SEC
50%
Week 7 (1/14)8Vanderbilt101SEC
50%
Week 6 (1/7)6Vanderbilt90SEC
50%
Week 14 (3/4)5Vanderbilt232SEC
50%
Week 12 (2/18)4Vanderbilt201SEC
50%
Week 9 (1/28)7Vanderbilt141SEC
50%
Postseason13Vanderbilt235SEC
50%
Week 5 (12/31)10Vanderbilt80SEC
50%
Week 11 (2/11)5Vanderbilt181SEC
50%
Week 16 (3/18)12Vanderbilt235SEC
50%
Week 3 (12/17)17Vanderbilt60SEC
50%
Week 4 (12/24)11Vanderbilt70SEC
50%
Week 10 (2/4)5Vanderbilt161SEC
50%
Week 3 (12/17)20Cincinnati50Independent
40%
Week 7 (1/14)20Cincinnati103Independent
40%
Week 4 (12/24)6Marquette70Independent
40%
Week 10 (2/4)6Marquette172Independent
40%
Postseason3Marquette265Independent
40%
Week 6 (1/7)7Marquette101Independent
40%
Week 7 (1/14)6Marquette121Independent
40%
Week 13 (2/25)8Marquette213Independent
40%
Week 14 (3/4)11Marquette224Independent
40%
Week 9 (1/28)5Marquette161Independent
40%
Week 16 (3/18)3Marquette254Independent
40%
Week 1 (12/3)7Marquette10Independent
40%
Week 12 (2/18)9Marquette193Independent
40%
Week 5 (12/31)6Marquette90Independent
40%
Week 8 (1/21)6Marquette141Independent
40%
Week 11 (2/11)9Marquette183Independent
40%
Preseason7Marquette00Independent
40%
Week 15 (3/11)7Marquette234Independent
40%
Week 2 (12/10)7Marquette40Independent
40%
Week 3 (12/17)6Marquette50Independent
40%
Week 3 (12/17)12Memphis State61Independent
40%
Week 2 (12/10)10Memphis State40Independent
40%
Week 4 (12/24)16Memphis State72Independent
40%
Week 6 (1/7)19Memphis State103Independent
40%
Week 1 (12/3)20Memphis State20Independent
40%
Preseason20Memphis State00Independent
40%
Week 5 (12/31)18Memphis State83Independent
40%
Week 13 (2/25)19New Mexico196WAC
40%
Week 6 (1/7)8New Mexico120WAC
40%
Week 16 (3/18)20New Mexico227WAC
40%
Week 5 (12/31)12New Mexico100WAC
40%
Week 4 (12/24)17New Mexico80WAC
40%
Week 9 (1/28)17New Mexico143WAC
40%
Week 14 (3/4)17New Mexico206WAC
40%
Week 7 (1/14)15New Mexico122WAC
40%
Week 15 (3/11)17New Mexico216WAC
40%
Week 8 (1/21)19New Mexico123WAC
40%
Week 15 (3/11)18South Carolina225Independent
40%
Week 14 (3/4)10South Carolina214Independent
40%
Week 16 (3/18)17South Carolina225Independent
40%
Week 2 (12/10)16South Carolina30Independent
40%
Week 7 (1/14)11South Carolina92Independent
40%
Week 3 (12/17)15South Carolina40Independent
40%
Week 11 (2/11)14South Carolina163Independent
40%
Week 6 (1/7)15South Carolina72Independent
40%
Postseason19South Carolina225Independent
40%
Week 10 (2/4)13South Carolina133Independent
40%
Week 13 (2/25)14South Carolina194Independent
40%
Week 9 (1/28)14South Carolina123Independent
40%
Week 12 (2/18)14South Carolina164Independent
40%
Week 8 (1/21)13South Carolina103Independent
40%
Week 4 (12/24)9Providence61Independent
30%
Week 5 (12/31)14Providence82Independent
30%
Week 6 (1/7)10Providence92Independent
30%
Week 11 (2/11)11Providence183Independent
30%
Week 9 (1/28)9Providence152Independent
30%
Week 14 (3/4)8Providence253Independent
30%
Week 16 (3/18)8Providence284Independent
30%
Week 10 (2/4)11Providence163Independent
30%
Postseason8Providence284Independent
30%
Week 8 (1/21)8Providence132Independent
30%
Week 15 (3/11)5Providence273Independent
30%
Week 2 (12/10)8Providence10Independent
30%
Week 12 (2/18)11Providence213Independent
30%
Week 3 (12/17)9Providence31Independent
30%
Preseason6Providence00Independent
30%
Week 13 (2/25)12Providence233Independent
30%
Week 7 (1/14)7Providence112Independent
30%
Week 1 (12/3)6Providence10Independent
30%
Week 1 (12/3)19UNLV01West Coast
30%
Week 6 (1/7)16UNLV91West Coast
30%
Week 4 (12/24)19UNLV71West Coast
30%
Preseason19UNLV00West Coast
30%
Week 5 (12/31)16UNLV91West Coast
30%
Week 10 (2/4)18UTEP153WAC
30%
Week 15 (3/11)19Creighton226Independent
20%
Week 14 (3/4)19Creighton215Independent
20%
Week 13 (2/25)16Creighton215Independent
20%
Week 11 (2/11)17Creighton184Independent
20%
Week 12 (2/18)15Creighton194Independent
20%
Week 3 (12/17)19Jacksonville41Independent
20%
Week 1 (12/3)17Jacksonville11Independent
20%
Week 2 (12/10)19Jacksonville31Independent
20%
Preseason17Jacksonville00Independent
20%
Week 7 (1/14)18Missouri103Big Eight
20%
Week 4 (12/24)20Austin Peay51Ohio Valley
10%
Week 5 (12/31)20Austin Peay51Ohio Valley
10%
Week 8 (1/21)18Centenary (LA)120Independent
10%
Week 16 (3/18)16Dayton209Independent
10%
Postseason20Dayton209Independent
10%
Week 15 (3/11)20Dayton207Independent
10%
Week 6 (1/7)20Hawaii110Independent
10%
Week 15 (3/11)9Long Beach State232Pacific Coast
10%
Week 10 (2/4)9Long Beach State162Pacific Coast
10%
Week 3 (12/17)11Long Beach State51Pacific Coast
10%
Week 9 (1/28)10Long Beach State142Pacific Coast
10%
Week 11 (2/11)10Long Beach State182Pacific Coast
10%
Week 1 (12/3)12Long Beach State10Pacific Coast
10%
Postseason10Long Beach State232Pacific Coast
10%
Week 16 (3/18)9Long Beach State232Pacific Coast
10%
Week 4 (12/24)10Long Beach State71Pacific Coast
10%
Week 8 (1/21)10Long Beach State121Pacific Coast
10%
Week 12 (2/18)13Long Beach State202Pacific Coast
10%
Week 7 (1/14)9Long Beach State121Pacific Coast
10%
Preseason12Long Beach State00Pacific Coast
10%
Week 2 (12/10)12Long Beach State21Pacific Coast
10%
Week 6 (1/7)9Long Beach State101Pacific Coast
10%
Week 14 (3/4)9Long Beach State232Pacific Coast
10%
Week 5 (12/31)9Long Beach State91Pacific Coast
10%
Week 13 (2/25)13Long Beach State212Pacific Coast
10%
Week 10 (2/4)20Maryland Eastern Shore190MEAC
10%
Week 10 (2/4)19Oral Roberts163Independent
10%
Week 16 (3/18)18Oral Roberts235Independent
10%
Week 14 (3/4)20Oral Roberts214Independent
10%
Postseason18Oral Roberts235Independent
10%
Week 9 (1/28)19Oral Roberts162Independent
10%

Score Distribution

Percentile by Number Answered

Percent of People with Each Score

Your Score History

You have not taken this quiz since the last reset